Biblioteca

El pequeño topo que quería saber quién se había hecho eso en su cabeza (Registro nro. 67793)

Detalles MARC
000 -LÍDER
Campo fijo de descripción fija 01115nam a22002657a 4500
001 - NÚMERO DE CONTROL
Campo de control BINCO
003 - IDENTIFICADOR DEL NÚMERO DE CONTROL
Campo de control CO-MdBIC
005 - FECHA Y HORA DE LA ULTIMA TRANSACCIÓN
control field 20220423222822.0
008 - ELEMENTOS DE LONGITUD FIJA -- INFORMACIÓN GENERAL
Campo fijo de descripción fija -- Información general 220423b2009 ck a|||| |||| 00| 0 spa d
020 ## - NÚMERO INTERNACIONAL NORMALIZADO PARA LIBROS
Número Internacional Normalizado del libro 9789587048667
040 ## - FUENTE DE CATALOGACIÓN
Agencia de catalogación original CO-MdBIC
Idioma de catalogación spa.
Agencia que realiza la transcripción CO-MdBIC
Agencia que realiza la modificación CO-MdBIC
041 ## - CÓDIGO DE IDIOMA
Código de idioma para texto/pista de sonido o título separado spa
082 ## - NÚMERO DE CLASIFICACIÓN DECIMAL DEWEY
Número de la edición del Dewey 22
Número de clasificación 833
Clave de autor-Numero de item H762
100 ## - ASIENTO PRINCIPAL--NOMBRE PERSONAL
Nombre personal Holzwarth, Werner,
Fechas asociadas con el nombre 1947- ‎
245 ## - TÍTULO
Título del Material El pequeño topo que quería saber quién se había hecho eso en su cabeza
Mención de responsabilidad, etc. /Holzwarth, Werner, escritor
Fechas incluidas 1947- ‎
250 ## - MENCIÓN DE EDICIÓN
Mención de edición Primera edición
260 1# - PUBLICACIÓN, DISTRIBUCIÓN, ETC. (PIE DE IMPRENTA)
Lugar de publicación, distribución, etc. Colombia:
Nombre del editor, distribuidor, etc. Alfaguara,
Fecha de publicación, distribución, etc. [2009]
260 4# - PUBLICACIÓN, DISTRIBUCIÓN, ETC. (PIE DE IMPRENTA)
Lugar de publicación, distribución, etc. © 2009
300 ## - DESCRIPCIÓN FÍSICA
Extensión 20 paginas;
Otros detalles físicos ilustraciones a color:
Dimensiones 29 cm.
490 ## - MENCIÓN DE SERIE
Mención de serie nidos para la lectura
500 ## - NOTA GENERAL
Nota General Esta historia comienza cuando al pequeño topo le cae algo gordo, marrón y parecido a una salchicha, justo en su cabeza. ¿Quién se habrá atrevido? ¿Será la paloma, la liebre, la cabra... o será el caballo? No puedo decir porque me da risa y un poquito de asco y además no quiero contar el final.
650 #7 - ASIENTO SECUNDARIO DE MATERIA - TERMINO TEMÁTICO
9 (RLIN) 100
Término temático o nombre geográfico como elemento de entrada Educación infantil
700 ## - ASIENTO SECUNDARIO - NOMBRE PERSONAL
Nombre personal Yolanda Reyes
Responsabilidad traductora
942 ## - TIPO DE MATERIAL (KOHA)
Tipo de Item KOHA Z- Libro General BINCO
Existencias
Estado de Material Estado de Perdido Forma de Clasificación Estado de Dañado No para Préstamo Biblioteca de Origen Biblioteca Permanente Fecha de Adquisición Área Total de Préstamos Signatura Topográfica Código de Barras Última vez visto Ejemplar/Existencia Fecha de Remplazo Tipo de Material
    Dewey Decimal Classification     Biblioteca Infantil Comunitaria BINCO Biblioteca Infantil Comunitaria BINCO 23/04/2022 BINCO   833 H762 B32143 23/04/2022 ej.1 23/04/2022 Z- Libro General BINCO

Biblioteca FUSBC | Teléfono: (57+4) 349 88 10 Ext. 141| WhatsApp (+57) 3005338115 
E-mail: biblioteca@unisbc.edu.co | Calle 76 87-14 Robledo Palenque, Medellín, Colombia

Con tecnología Koha